Nový vysokoškolský internát v Košiciach stavba za 20 miliónov korún ...

Bibliographic Details
Main Author: Lipták, Ladislav (Author)
Format: Article
Language:Slovak
PhysicalDescription:Fotografie
Subjects:

MARC

LEADER 00000nab a2200000u 4500
001 vtls012135160
003 SK-MaSNL
005 20260303100341.0
008 220516|1963 xo ||||||| ||00 ||slo|
038 |a KEVKJB 
040 |a KEVKJB  |b slo  |e rda 
041 0 |a slo 
043 |a e-xo--- 
044 |a xo  |c SK 
072 7 |a 378  |x Vysoké školy  |2 konspekt 
080 |a 378.16  |2 2011 
100 1 |a Lipták, Ladislav  |4 aut  |9 355832 
245 1 0 |a Nový vysokoškolský internát v Košiciach  |b stavba za 20 miliónov korún ...  |c Ladislav Lipták 
300 |b Fotografie 
336 |a text  |b txt  |2 rdacontent 
337 |a bez média  |b n  |2 rdamedia 
338 |a zväzok  |b nc  |2 rdacarrier 
650 0 7 |a vysokoškolské internáty  |2 SNKPH  |9 82258 
650 0 7 |a výstavba  |2 SNKPH  |9 29373 
651 7 |a Košice (Slovensko)  |2 SNKPHgeo  |9 18694 
651 7 |a Západ (Košice II, Slovensko)  |2 SNKPHgeo  |9 168689 
773 0 |t Zora východu  |g Roč. 4, č. 32 (1963), s. 1 
852 |a KEVKJB  |b KIS3GCP 
999 |c 1832756  |d 1834686